3 najlepsze drużyny na każdym mundialu - Statystyki

Ogólne statystyki
  • Ten quiz został rozwiązany 32 razy
  • Średni wynik to 39 z 66
Statystyki odpowiedzi
% Poprawnych
1930r. Urugwaj 1. miejsce
96%
2022r. Argentyna 1. miejsce
87%
2022r. Francja 2. miejsce
87%
2018r. Chorwacja 2. miejsce
83%
2018r. Francja 1. miejsce
83%
2014r. Niemcy 1. miejsce
83%
2014r. Argentyna 2. miejsce
78%
2010r. Hiszpania 1. miejsce
78%
2010r. Holandia 2. miejsce
78%
1974r. Polska 3. miejsce
78%
2018r. Belgia 3. miejsce
74%
2002r. Brazylia 1. miejsce
74%
2022r. Chorwacja 3. miejsce
74%
2006r. Włochy 1. miejsce
74%
1966r. Anglia 1. miejsce
70%
1930r. Argentyna 2. miejsce
70%
1998r. Francja 1. miejsce
70%
2006r. Francja 2. miejsce
70%
2010r. Niemcy 3. miejsce
70%
1974r. Niemcy (RFN) 1. miejsce
70%
2002r. Turcja 3. miejsce
70%
1978r. Argentyna 1. miejsce
65%
1958r. Brazylia 1. miejsce
65%
1994r. Brazylia 1. miejsce
65%
1998r. Brazylia 2. miejsce
65%
2014r. Holandia 3. miejsce
65%
2002r. Niemcy 2. miejsce
65%
1954r. Niemcy (RFN) 1. miejsce
65%
1982r. Niemcy (RFN) 2. miejsce
65%
1990r. Niemcy (RFN) 1. miejsce
65%
1982r. Polska 3. miejsce
65%
1950r. Urugwaj 1. miejsce
65%
1954r. Węgry 2. miejsce
65%
1934r. Włochy 1. miejsce
65%
1938r. Włochy 1. miejsce
65%
1982r. Włochy 1. miejsce
65%
1950r. Brazylia 2. miejsce
61%
1962r. Brazylia 1. miejsce
61%
1970r. Brazylia 1. miejsce
61%
2006r. Niemcy 3. miejsce
61%
1986r. Argentyna 1. miejsce
57%
1974r. Holandia 2. miejsce
57%
1966r. Niemcy (RFN) 2. miejsce
57%
1958r. Szwecja 2. miejsce
57%
1994r. Włochy 2. miejsce
57%
1990r. Argentyna 2. miejsce
52%
1930r. USA 3. miejsce
52%
1998r. Chorwacja 3. miejsce
48%
1978r. Holandia 2. miejsce
48%
1970r. Włochy 2. miejsce
48%
1990r. Włochy 3. miejsce
48%
1978r. Brazylia 3. miejsce
43%
1934r. Czechosłowacja 2.miejsce
43%
1986r. Niemcy (RFN) 2. miejsce
43%
1966r. Portugalia 3. miejsce
43%
1962r. Chile 3. miejsce
39%
1970r. Niemcy (RFN) 3. miejsce
39%
1954r. Austria 3. miejsce
35%
1986r. Francja 3. miejsce
35%
1950r. Szwecja 3. miejsce
35%
1994r. Szwecja 3. miejsce
35%
1938r. Węgry 2. miejsce
35%
1938r. Brazylia 3. miejsce
26%
1962r. Czechosłowacja 2. miejsce
22%
1934r. Niemcy (III Rzesza) 3. miejsce
22%
1958r. Francja 3. miejsce
17%
Nie znaleziono quizów pasujących do podanych kryteriów
Rozkład punktacji
Procent ludzi z każdym wynikiem
Percentyl według liczby udzielonych odpowiedzi
Twoja historia wyników
Nie rozwiązałeś tego quizu